|
|
|
|
| LEADER |
00000nam a22000007a 4500 |
| 005 |
20120224102911.0 |
| 007 |
cr|||| |||| |
| 008 |
120224c20099999gw |||| s||||i0|||b1ger d |
| 035 |
|
|
|a 6023
|
| 040 |
|
|
|a vLex
|
| 090 |
|
|
|c 3036
|d 3036
|
| 245 |
0 |
0 |
|a Gericht der Europĩschen Union
|h [Recurs electrṇic]
|
| 256 |
|
|
|a Servei en linia
|
| 260 |
|
|
|a Barcelona :
|b vLex
|
| 300 |
|
|
|a 1 recurso electrn̤ico
|
| 500 |
|
|
|a Aquesta font cont ̌les sentn̈cies dictades per Gericht der Europĩschen Union des de el 01/12/2009 en endavant. Les sentn̈cies anteriors a aquesta data es troben sota l'encapȧlament de Gericht erster Instanz der Europĩschen Gemeinschaften.
|
| 506 |
1 |
|
|a Contingut disponible en els productes indicats
|d vLex Global
|d vLex Global (Academic Edition, excluding Law Schools)
|d vLex Global (U.S. Academic Edition, Law Schools)
|d vLex Global (U.S. Academic Edition, excluding Law Schools)
|d vLex Global (Academic Edition, Law Schools)
|
| 610 |
2 |
|
|a Gericht der Europĩschen Union
|
| 650 |
0 |
4 |
|a Gericht der Europĩschen Union
|x Jurisprudn̈cia
|
| 650 |
0 |
4 |
|a Sentn̈cies
|
| 740 |
0 |
|
|a vLex Jurisprudn̈cia (Servei en linia)
|
| 780 |
|
0 |
|a Gericht erster Instanz der Europĩschen Gemeinschaften
|w 1692
|
| 856 |
4 |
0 |
|u http://vlex.com/source/gericht-europuischen-union-6023
|z Acceso restringido
|
| 942 |
|
|
|c TR
|
| 999 |
0 |
|
|a Jurisprudence
|b European Union countries
|